000 01505nam0a22002651 4500
001 rc\2299183
005 20260407144631.0
035 _a(NLR Aleph) 006503965
090 _a6260473
_c6260473
100 _a20110829d1977 |||y0rusy50 ca
101 0 _arus
102 _aRU
105 _ay z |||||
200 1 _aЕдиная система государственного управления качеством продукции
_eПодсистема "Подгот. и повышение квалификации кадров по управлению качеством стандартизации и метрологии"
_eРекомендации по построению и составу нормат.-техн. и метод. документации
_fВсесоюз. науч.-исслед. ин-т стандартизации
210 _aМосква
_cВНИИС
_d1977
215 _a43 с.
_d20
517 0 _aПодготовка и повышение квалификации кадров по управлению качеством стандартизации и метрологии
606 _aСлужба стандартизации
_xКадры
_xПодготовка
_2rkp
606 _aМетрологическая служба
_xКадры
_xПодготовка
_2rkp
712 0 2 _aВНИИ стандартизации
_3RU\NLR\AUTH\8810020283
_9538563
801 0 _aRU
_bNLR
_gpsbo
801 1 _aRU
_bELAR
_2rusmarc
852 _aNLR
_j77-4/27941
942 _cBOOK
980 _aNB